| 000 | 00358nam a2200145Ia 4500 | ||
|---|---|---|---|
| 008 | 230312s9999||||xx |||||||||||||| ||und|| | ||
| 020 | _a9780134863542 | ||
| 082 |
_a006.686 _bGIL-A |
||
| 100 | _aRydberg,Terry | ||
| 245 | 0 | _aAdobe InDesign Creative Cloud | |
| 260 |
_bAbobe _aUSA _c2019 |
||
| 300 | _a278 | ||
| 650 |
_aComputer _vGraphic Design |
||
| 942 | _cBK | ||
| 999 |
_c17222 _d17222 |
||